[Event "Las Palmas Insular-chT Pref"]
[Site "Las Palmas"]
[Date "2015.03.21"]
[Round "11.2"]
[White "Garcia Blanco, Omar"]
[Black "Ramirez Allo, Eduardo"]
[Result "1-0"]
[WhiteElo "2268"]
[BlackElo "2274"]
[PlyCount "91"]
[EventDate "2014.11.22"]
[EventType "team-tourn"]
[EventRounds "14"]
[EventCountry "ESP"]
[SourceTitle "EXT 2016"]
[Source "ChessBase"]
[SourceDate "2015.10.08"]
[SourceVersion "1"]
[SourceVersionDate "2015.10.08"]
[SourceQuality "1"]
[WhiteTeam "La Caja de Vecindario"]
[BlackTeam "La Caja de Canarias"]
[WhiteTeamCountry "ESP"]
[BlackTeamCountry "ESP"]

1. e4 c5 2. c3 g6 3. d4 cxd4 4. cxd4 d5 5. exd5 Nf6 6. Nc3 Bg7 7. Qb3 0-0 8. Nge2 Nbd7 9. Nf4 Nb6 10. a4 a5 11. Bd3 Qd6 12. Nb5 Qb4+ 13. Qxb4 axb4 14. d6 e6 15. a5 Nbd5 16. 0-0 Ra6 17. Nxd5 Nxd5 18. Bg5 f6 19. Bd2 Bd7 20. Nc7 Rxd6 21. Nxd5 Rxd5 22. Bxb4 Rc8 23. a6 bxa6 24. Bxa6 Rc7 25. Bc5 Bf8 26. b4 Kg7 27. Rfc1 Bxc5 28. dxc5 e5 29. b5 Rdxc5 30. Rxc5 Rxc5 31. b6 Bc8 32. b7 Bxb7 33. Bxb7 Rc7 34. Rb1 h5 35. h4 Rc4 36. g3 Rc7 37. Bd5 Kh6 38. Rb7 Rc8 39. Rf7 Rd8 40. Be6 f5 41. Re7 f4 42. Bc4 Rd4 43. Bf1 fxg3 44. fxg3 Re4 45. Kf2 g5 46. Bd3 1-0

[Event "Las Palmas Insular-chT Pref"]
[Site "Las Palmas"]
[Date "2014.11.22"]
[Round "1.2"]
[White "Vega Gutierrez, Belinda Vidina"]
[Black "Ramirez Allo, Eduardo"]
[Result "0-1"]
[WhiteElo "2119"]
[BlackElo "2274"]
[PlyCount "98"]
[EventDate "2014.11.22"]
[EventType "team-tourn"]
[EventRounds "14"]
[EventCountry "ESP"]
[SourceTitle "EXT 2016"]
[Source "ChessBase"]
[SourceDate "2015.10.08"]
[SourceVersion "1"]
[SourceVersionDate "2015.10.08"]
[SourceQuality "1"]
[WhiteTeam "Anand Iberia"]
[BlackTeam "La Caja de Canarias"]
[WhiteTeamCountry "ESP"]
[BlackTeamCountry "ESP"]

1. e4 c5 2. Ne2 e6 3. Nbc3 d6 4. g3 Nc6 5. Bg2 g6 6. d4 Qb6 7. dxc5 dxc5 8. 0-0 Bd7 9. Be3 Rd8 10. f4 Nf6 11. h3 Nd4 12. e5 Bc6 13. Bxc6+ Qxc6 14. Qc1 Nxe2+ 15. Nxe2 Ne4 16. Rd1 Be7 17. Rd3 g5 18. fxg5 Rg8 19. h4 h6 20. Qf1 hxg5 21. h5 Qc7 22. Rxd8+ Bxd8 23. Nc3 Nxg3 24. Qb5+ Qd7 25. Bxc5 a6 26. Qxd7+ Kxd7 27. Rd1+ Kc6 28. Bf2 Nxh5 29. Rd6+ Kc7 30. Bb6+ Kc8 31. Bxd8 Rxd8 32. Ne4 Rf8 33. Nc5 Kc7 34. Rd7+ Kc6 35. b4 b6 36. Rd6+ Kb5 37. Nd7 Rd8 38. Rxb6+ Kc4 39. Nb8 Rd2 40. Nxa6 g4 41. Rb7 Nf4 42. Rxf7 Nh3+ 43. Kf1 g3 44. Rg7 Rf2+ 45. Ke1 g2 46. b5 Rf1+ 47. Ke2 g1Q 48. Rxg1 Rxg1 49. b6 Rb1 0-1

[Event "Las Palmas Insular-chT Pref 1314"]
[Site "Agaete"]
[Date "2014.03.29"]
[Round "13.1"]
[White "Alvarado Diaz, Alejandro"]
[Black "Ramirez Allo, Eduardo"]
[Result "0-1"]
[WhiteElo "2357"]
[BlackElo "2242"]
[PlyCount "56"]
[EventDate "2013.11.09"]
[EventType "team-tourn"]
[EventRounds "14"]
[EventCountry "ESP"]
[SourceTitle "EXT 2015"]
[Source "ChessBase"]
[SourceDate "2014.11.20"]
[SourceVersion "1"]
[SourceVersionDate "2014.11.20"]
[SourceQuality "1"]
[WhiteTeam "La Caja de Vecindario"]
[BlackTeam "Tres W"]
[WhiteTeamCountry "ESP"]
[BlackTeamCountry "ESP"]

1. g3 Nf6 2. Bg2 g6 3. c4 c5 4. Nc3 Bg7 5. d3 0-0 6. Qd2 Nc6 7. b3 e6 8. Bxc6 dxc6 9. Bb2 e5 10. 0-0-0 Qe7 11. f3 Bd7 12. g4 b5 13. Qe3 Rfd8 14. g5 Nh5 15. Ne4 Bf5 16. Qxc5 Qd7 17. Ng3 bxc4 18. bxc4 Rab8 19. Nxh5 Qb7 20. Qa3 gxh5 21. e4 Bf8 22. Qc3 Qa6 23. exf5 Qxa2 24. Rd2 Bb4 25. Qxe5 Bxd2+ 26. Kc2 Qb3+ 27. Kxd2 Rxd3+ 28. Ke1 Re3+ 0-1

[Event "Las Palmas Insular-chT Pref 1314"]
[Site "Agaete"]
[Date "2014.02.01"]
[Round "8.1"]
[White "Gutierrez Olivares, Daniel"]
[Black "Ramirez Allo, Eduardo"]
[Result "0-1"]
[WhiteElo "2329"]
[BlackElo "2242"]
[PlyCount "85"]
[EventDate "2013.11.09"]
[EventType "team-tourn"]
[EventRounds "14"]
[EventCountry "ESP"]
[SourceTitle "EXT 2015"]
[Source "ChessBase"]
[SourceDate "2014.11.20"]
[SourceVersion "1"]
[SourceVersionDate "2014.11.20"]
[SourceQuality "1"]
[WhiteTeam "Real Club Victoria"]
[BlackTeam "Tres W"]
[WhiteTeamCountry "ESP"]
[BlackTeamCountry "ESP"]

1. Nf3 Nf6 2. g3 g6 3. Bg2 Bg7 4. c4 c6 5. d4 0-0 6. 0-0 d5 7. Qb3 dxc4 8. Qxc4 Na6 9. Nc3 Nd5 10. Rd1 Bg4 11. h3 Nb6 12. Qd3 Nb4 13. Qb1 Bxf3 14. Bxf3 Qc8 15. Bg4 f5 16. Bf3 Rd8 17. a3 Na6 18. Qa2+ Kh8 19. Bg5 Rxd4 20. Rxd4 Bxd4 21. Rd1 Bg7 22. Bxe7 Qg8 23. Qb1 Qb3 24. Rd3 Re8 25. Qc1 Qf7 26. Bg5 Nc5 27. Rd1 Nc4 28. Nd5 Nxb2 29. Qxc5 Nxd1 30. Nb4 Nc3 31. Qxa7 Nxe2+ 32. Bxe2 Rxe2 33. Be3 h6 34. Kf1 Qc4 35. Qb8+ Kh7 36. Qf4 Qxf4 37. gxf4 Rb2 38. Nd3 Rb1+ 39. Ke2 Bf8 40. a4 Ra1 41. Bc5 Bxc5 42. Nxc5 b6 43. Nd7 0-1

[Event "Las Palmas Insular-chT Pref 1314"]
[Site "Agaete"]
[Date "2013.11.16"]
[Round "2.1"]
[White "Brito Garcia, Alfredo"]
[Black "Ramirez Allo, Eduardo"]
[Result "1-0"]
[WhiteElo "2307"]
[BlackElo "2242"]
[PlyCount "68"]
[EventDate "2013.11.09"]
[EventType "team-tourn"]
[EventRounds "14"]
[EventCountry "ESP"]
[SourceTitle "EXT 2015"]
[Source "ChessBase"]
[SourceDate "2014.11.20"]
[SourceVersion "1"]
[SourceVersionDate "2014.11.20"]
[SourceQuality "1"]
[WhiteTeam "Univacit Guia"]
[BlackTeam "Tres W"]
[WhiteTeamCountry "ESP"]
[BlackTeamCountry "ESP"]

1. d4 Nf6 2. Nf3 e6 3. g3 b6 4. Bg2 Bb7 5. 0-0 c5 6. c4 cxd4 7. Qxd4 Nc6 8. Qf4 Qb8 9. Nc3 Be7 10. Rd1 0-0 11. b3 Rd8 12. Bb2 d6 13. h4 Ne5 14. Ng5 Bxg2 15. Kxg2 Qb7+ 16. Kg1 h6 17. Nge4 Nxe4 18. Nxe4 Qc7 19. Nc3 a6 20. Rac1 Rab8 21. a4 Bf8 22. Ne4 f5 23. Nc3 Be7 24. Qe3 Qc5 25. Rd4 Kf7 26. Rcd1 g5 27. h5 Rg8 28. Qc1 g4 29. Ba3 Qc6 30. Bxd6 Rg5 31. Bxe5 Rxh5 32. e4 Rf8 33. Rd7 fxe4 34. Rc7 Qc5 1-0

[Event "Las Palmas Insular-chT Primera-A"]
[Site "Las Palmas"]
[Date "2012.12.15"]
[Round "4.1"]
[White "Sanchez Quintero, Raul"]
[Black "Ramirez Allo, Eduardo"]
[Result "1-0"]
[WhiteElo "2113"]
[BlackElo "2255"]
[PlyCount "51"]
[EventDate "2012.11.10"]
[EventType "team-tourn"]
[EventRounds "14"]
[EventCountry "ESP"]
[SourceTitle "EXT 2014"]
[Source "ChessBase"]
[SourceDate "2013.11.20"]
[SourceVersion "1"]
[SourceVersionDate "2013.11.20"]
[SourceQuality "1"]
[WhiteTeam "Claudio Mendoza"]
[BlackTeam "Cajota 64"]
[WhiteTeamCountry "ESP"]
[BlackTeamCountry "ESP"]

1. e4 c5 2. Nf3 d6 3. d4 cxd4 4. Nxd4 Nf6 5. Nc3 a6 6. Bc4 e6 7. Bb3 b5 8. a3 Bb7 9. 0-0 Nc6 10. Bg5 Qb6 11. Bxf6 gxf6 12. Nxe6 fxe6 13. Bxe6 Nd4 14. Qh5+ Kd8 15. Bd5 Ra7 16. Rad1 Bc8 17. Qh4 Be7 18. Qg3 Rc7 19. Qe3 b4 20. axb4 Qxb4 21. Qxd4 Qxb2 22. Ne2 Qb5 23. c4 Qe8 24. Nf4 Rc5 25. Qxc5 dxc5 26. Bf7+ 1-0

[Event "Las Palmas op"]
[Site "Las Palmas"]
[Date "1999.12.08"]
[Round "8"]
[White "Ramirez Allo, Eduardo"]
[Black "Roeder, Mathias"]
[Result "1/2-1/2"]
[WhiteElo "2156"]
[BlackElo "2426"]
[PlyCount "65"]
[EventDate "1999.12.01"]
[EventType "swiss"]
[EventRounds "9"]
[EventCountry "ESP"]
[SourceTitle "CBM 073 Extra"]
[Source "ChessBase"]
[SourceDate "2000.01.11"]
[SourceVersion "1"]
[SourceVersionDate "2000.01.11"]
[SourceQuality "1"]

1. e4 c5 2. Nf3 d6 3. d4 cxd4 4. Nxd4 Nf6 5. Nc3 a6 6. Bg5 e6 7. f4 Be7 8. Qf3 Qc7 9. 0-0-0 Nbd7 10. g4 b5 11. Bxf6 Nxf6 12. g5 Nd7 13. f5 Bxg5+ 14. Kb1 Ne5 15. Qh5 Qd8 16. fxe6 g6 17. exf7+ Kxf7 18. Qe2 Bg4 19. Qf2+ Qf6 20. Qxf6+ Bxf6 21. Be2 Bxe2 22. Ndxe2 Nc4 23. Rd3 b4 24. Nd5 Bxb2 25. Rf1+ Kg7 26. Nc7 Bf6 27. Nxa8 Rxa8 28. Nf4 Re8 29. Nd5 Be5 30. Rf2 a5 31. h4 Na3+ 32. Kc1 Nc4 33. Kb1 1/2-1/2

[Event "Las Palmas op"]
[Site "Las Palmas"]
[Date "1999.12.02"]
[Round "2"]
[White "Lezcano Jaen, Pedro"]
[Black "Ramirez Allo, Eduardo"]
[Result "1-0"]
[WhiteElo "2399"]
[BlackElo "2156"]
[PlyCount "53"]
[EventDate "1999.12.01"]
[EventType "swiss"]
[EventRounds "9"]
[EventCountry "ESP"]
[SourceTitle "CBM 073 Extra"]
[Source "ChessBase"]
[SourceDate "2000.01.11"]
[SourceVersion "1"]
[SourceVersionDate "2000.01.11"]
[SourceQuality "1"]

1. Nf3 Nf6 2. c4 d6 3. d4 Bf5 4. Nc3 g6 5. g3 Ne4 6. Nxe4 Bxe4 7. Bh3 Bg7 8. 0-0 0-0 9. d5 c6 10. Nd4 Qb6 11. e3 c5 12. Nb5 Na6 13. Nc3 Bf5 14. Bxf5 gxf5 15. Re1 Qd8 16. e4 fxe4 17. Rxe4 Qd7 18. Qh5 Bf6 19. Rf4 Nc7 20. Ne4 Ne8 21. Bd2 Kh8 22. Bc3 Rg8 23. Nxf6 exf6 24. Rxf6 Nxf6 25. Bxf6+ Rg7 26. Qg5 Rag8 27. Re1 1-0